Štandardný GUI pre aplikácie delenia kovov

Enregistré dans:
Détails bibliographiques
Auteur principal: Greguš, Ján (Auteur)
Autres auteurs: Fodrek, Peter, 1976- (Directeur de thèse)
Format: Manuscrit Livre
Langue:slovaque
Publié: Bratislava : STU v Bratislave FEI, 2007
Sujets:
Tags: Ajouter un tag
Pas de tags, Soyez le premier à ajouter un tag!

MARC

LEADER 00000ntm a22000003a 4500
001 stu143054
005 20160719165045.0
008 070704s2007------------------------slo-d
040 |a STU  |b slo 
041 0 |a slo 
100 1 |a Greguš, Ján  |4 aut 
245 1 |a Štandardný GUI pre aplikácie delenia kovov 
260 |a Bratislava :  |b STU v Bratislave FEI,  |c 2007 
300 |a 73 s 
650 7 |a kybernetika  |2 stusub 
700 1 |a Fodrek, Peter,  |d 1976-  |4 ths  |u E010  |T FEI Ústav riadenia a priemyselnej informatiky  |X 4968  |U E010  |Y E010  |7 A000004968